000 00465pab a2200157 454500
008 180718b1987 xxu||||| |||| 00| 0 eng d
100 _aMontanari, John R.
245 _aThe administrative component of organisations and the ratchel - effects
_bA critique of cross sectional studies
260 _c1987
300 _a113-23
362 _aMar.
650 _aOrganisation
700 _aPhilip J. Adelman
773 _aJournal of Management Studies
909 _a14532
999 _c14532
_d14532